Casablanca

Casablanca narra un drama romántico en la ciudad marroquí de Casablanca bajo el control del gobierno de Vichy. Se centra en el conflicto de Rick entre --usando las palabras de uno de los personajes-- el amor y la virtud: Rick deberá escoger entre su amada Ilsa o hacer lo correcto. Su dilema es ayuda...

Descripción completa

Guardado en:
Autor Principal: Curtiz, Michael.
Autor Corporativo: Warner Bros.
Otros Autores: Wallis, Hal B; Producción., Epstein, Julius J; Guion., Bogart, Humphrey; Reparto., Bergman, Ingrid; Reparto., Henreid, Paul; Reparto., Rains, Claude; Reparto., Veidt, Conrad; Reparto., Greenstreet, Sydney; Reparto., Lorre, Peter; Reparto., Epstein, Philip G; Guion., Koch, Howard; Guion., Steiner, Max; Música.
Formato: Deslizar
Idioma:Undetermined
Publicado: Estados Unidos : Warner Bros., 1942.
Materias:
Etiquetas: Agregar Etiqueta
Sin Etiquetas, Sea el primero en etiquetar este registro!
LEADER 01840ngm a22003495a 4500
001 CEM.cems020247
008 230705s1942####xx#---############vlund#d
005 20230705192905.0
245 1 0 |a Casablanca  |h [videograbación] /  |c Michael Curtiz. 
260 |a Estados Unidos :  |b Warner Bros.,  |c 1942. 
300 |a 102'. 
538 |a 1. Soporte: DVD -- Formato: AVI – Peso: 940mb -- Resolución: 432 x 320 -- 23.98fps -- 2. Soporte: DVD -- Formato: MPEG – Peso: 575mb -- Resolución: 320 x 240 -- 25fps 
590 |a Identificación anterior: 82 
520 |a Casablanca narra un drama romántico en la ciudad marroquí de Casablanca bajo el control del gobierno de Vichy. Se centra en el conflicto de Rick entre --usando las palabras de uno de los personajes-- el amor y la virtud: Rick deberá escoger entre su amada Ilsa o hacer lo correcto. Su dilema es ayudarla o no a escapar de Casablanca junto a su esposo, uno de los líderes de la resistencia, para que éste pueda continuar su lucha contra los nazis. La película, está basada en la obra teatral Everybody Comes to Rick's (Todos vienen al café de Rick), de Murray Burnett y Joan Alison. 
100 1 |a Curtiz, Michael. 
700 1 |a Wallis, Hal B; Producción. 
700 1 |a Epstein, Julius J; Guion. 
700 1 |a Bogart, Humphrey; Reparto. 
700 1 |a Bergman, Ingrid; Reparto. 
700 1 |a Henreid, Paul; Reparto. 
700 1 |a Rains, Claude; Reparto. 
700 1 |a Veidt, Conrad; Reparto. 
700 1 |a Greenstreet, Sydney; Reparto. 
700 1 |a Lorre, Peter; Reparto. 
700 1 |a Epstein, Philip G; Guion. 
700 1 |a Koch, Howard; Guion. 
700 1 |a Steiner, Max; Música. 
710 2 |a Warner Bros. 
653 |a LARGOMETRAJE 
653 |a FICCIÓN 
653 |a DRAMA 
859 |a CEMS  |b BIB. CEMS - Depto. Recursos Didacticos  |h 778.5  |i CUR  |k DRD  |p 3038.23  |t Ej.1